Colector solar de placa plana para calentamiento de aire

সংরক্ষণ করুন:
গ্রন্থ-পঞ্জীর বিবরন
প্রধান লেখক: Bonilla Bonilla, Hugo Eduardo
বিন্যাস: গ্রন্থ
প্রকাশিত: [San José , Costa Rica] 1985
ট্যাগগুলো: ট্যাগ যুক্ত করুন
কোনো ট্যাগ নেই, প্রথমজন হিসাবে ট্যাগ করুন!

MARC

LEADER 00000nam a2200000Ia 4500
003 004143
005 20221231144354.0
008 140114s1985 cr a m 000 ||s d
040 |c cru CEDI 
090 |a TFG 1867 
100 |a Bonilla Bonilla, Hugo Eduardo   |9 14132 
245 |a Colector solar de placa plana para calentamiento de aire 
260 |c 1985  |a [San José , Costa Rica] 
300 |a 131 hojas : ilustraciones  
500 |a Proyecto de graduación (licenciatura en ingeniería mecánica)--Universidad de Costa Rica. Facultad de Ingeniería. Escuela de Ingeniería Mecánica 
942 |c TFG 
999 |c 20896  |d 20896